Lean, special, or consensual? vulnerability and external buffering in the small states of East-Central Europe (Record no. 113738)

000 -LEADER
fixed length control field 00453pab a2200157 454500
008 - FIXED-LENGTH DATA ELEMENTS--GENERAL INFORMATION
fixed length control field 180718b2017 xxu||||| |||| 00| 0 eng d
100 ## - MAIN ENTRY--PERSONAL NAME
Personal name Bohle, Dorothee
245 ## - TITLE STATEMENT
Title Lean, special, or consensual? vulnerability and external buffering in the small states of East-Central Europe
260 ## - PUBLICATION, DISTRIBUTION, ETC.
Date of publication, distribution, etc. 2017
300 ## - PHYSICAL DESCRIPTION
Extent p.191-212.
362 ## - DATES OF PUBLICATION AND/OR SEQUENTIAL DESIGNATION
Dates of publication and/or sequential designation Jan
650 ## - SUBJECT ADDED ENTRY--TOPICAL TERM
Topical term or geographic name entry element Small states
700 ## - ADDED ENTRY--PERSONAL NAME
Personal name Jacoby, Wade
773 ## - HOST ITEM ENTRY
Main entry heading Comparative Politics
909 ## -
-- 113744
Holdings
Withdrawn status Lost status Damaged status Not for loan Permanent Location Current Location Date acquired Serial Enumeration / chronology Barcode Date last seen Price effective from Koha item type
        Indian Institute of Public Administration Indian Institute of Public Administration 2018-07-19 Volume no: 49, Issue no: 2 AR114204 2018-07-19 2018-07-19 Articles

Powered by Koha